Odmietajú prosperitu menšiny cieľom summitu Zeme je skoncovanie s "globálnym apartheidom"

Bibliographic Details
Main Author: Sťahel, Richard, 1974- (Author)
Format: Article
Language:Slovak
PhysicalDescription:Fotogr.
ISSN:1335-4701
Subjects:

MARC

LEADER 00000nab a2200000 a 4500
001 vtls000806971
003 SK-MaSNL
005 20260304225801.0
008 140301c2002 xo 0 slo
015 |a SNBRB2002/09-29010 
035 |a CLN000158626 
040 |a SNKBUCL  |b slo  |c SNKBUCL  |e AACR2 
041 0 |a slo 
044 |a xo  |c SK 
080 |a 504.06:061.1(100):061.3  |2 1997 
080 |a 061.1(100)  |2 1997 
080 |a 330.34(100)  |2 1997 
100 1 |a Sťahel, Richard,  |d 1974-  |4 aut  |9 170640 
245 1 0 |a Odmietajú prosperitu menšiny  |b cieľom summitu Zeme je skoncovanie s "globálnym apartheidom"  |c Richard Sťahel 
300 |b Fotogr. 
611 1 7 |a Svetový summit o trvalo udržateľnom rozvoji  |d 2002  |c Johannesburg, Juhoafrická republika  |2 snkbucl  |9 1250237 
650 0 7 |a trvalo udržateľný rozvoj  |2 snkbucl  |9 3353 
650 0 7 |a životné prostredie  |2 snkbucl  |9 786 
655 7 |a články z novín a časopisov  |2 snkbucl  |9 267496 
773 0 |t Hospodárske noviny  |g Roč. 10, č. 165 (27.8.2002), s. 1 a 7  |x 1335-4701 
850 |a Slovenská národná knižnica v Martine 
852 |a SNK  |b KIS3GCP 
992 |a RBX 
999 |c 3179721  |d 3181651